000
00336nam a2200133Ia 4500
008
240624s9999 xx 000 0 und d
041
_a
eng
082
_a
954 KAK
100
_a
KAKAR SUDHIR
245
_a
INDIANS PORTRAIT OF A PEOPLE
260
_c
2007
_a
New Delhi
_b
Penguin Books India
300
_a
226 : p. : cm. ; 22
365
_c
RS
_b
20
999
_c
5578
_d
5578